| 000 | 00819cam a2200253 a 4500 | ||
|---|---|---|---|
| 999 |
_c3720 _d3720 |
||
| 001 | 17860 | ||
| 003 | BD-DhUAP | ||
| 005 | 20200311120346.0 | ||
| 008 | 200311s2007 ii a 000 0 eng | ||
| 020 | _a8130906511 | ||
| 040 |
_aDLC _cDLC _dBD-DhUAP _bEng |
||
| 082 | 0 | 0 |
_a822.33 SHA _223 |
| 100 | 1 | _aShakespeare, William. | |
| 245 | 1 | 0 |
_aWilliam Shakespeare's Macbeth / _cWilliam Shakespear ; edited by Harold Bloom. |
| 260 |
_aNew Delhi : _bViva Books Pri. Ltd. _cc2007. |
||
| 300 |
_avii, 184 pages ; _c25 cm. |
||
| 504 | _aIncludes bibliography and index. | ||
| 600 | 0 | 0 |
_aMacbeth, _cKing of Scotland, _dactive 11th century _vDrama. |
| 650 | 0 |
_aKings and rulers _xSuccession _vDrama. |
|
| 650 | 0 |
_aRegicides _zScotland _vDrama. |
|
| 651 | 0 |
_aScotland _xHistory _vDrama. |
|
| 700 | _aBloom, Harold. | ||
| 942 |
_2ddc _cBK |
||